000 00189 a2200097 4500
020 _a9780310725954
041 _aeng
100 _aBowman, Crystal
245 _aLilys easter party
942 _cBK
999 _c9758
_d9758